00988nam a2200217 a 450000100100000000500170001000800410002702000150006804000250008310000430010824501280015126000720027930000210035149000520037250400730042450400200049771000720051783000590058995201050064899900170075300004133520201002034811.0130917s1987 sp 000 0 spa d a8400071905 aDO-SdBNPbspacBNPHU1 aHuertas García-Alejo, Rafael.91489910aEl delincuente y su patología :bmedicina, crimen y sociedad en el positivismo argentino /cRafael Huertas García-Aleo. aMadrid :bConsejo Superior de Investigaciones Científicas,c1987. a199 p. ;c18 cm.1 aCuadernos Galileo de Historia de la Cienciav12 aIncluye referencias bibliográficas y notas al pie de las páginas abibliografías2 aConsejo Superior de Investigaciones Científicas,(España)967570 0aCuadernos Galileo de Historia de la Ciencian12967978 001050718MOaGRbGRcCTd2013-09-30iLF1l0o p41335-10r2020-06-25w2020-06-25y1ZNo se presta c40825d40825